000 00704nam a2200253Ia 4500
003 OSt
005 20220918190639.0
006 a|||||r|||| 00| 0
007 ta
008 220917b |||||||| |||| 00| 0 eng d
024 _a58,405
037 _cTextual
040 _aARTS
_cARTS
_beng
041 _2eng
_aeng
082 _aP591,9D, G4
100 _aRoss E D
_973422
245 0 _aDialogues in the Eastren Turki dialecton subjects of interest to travellers
260 _aLondon
_bRoyal Asiatic
_c1934
300 _axii, 45p.
_ccm.
650 _aLINGUISTICS
700 _a Wingate R
_973423
942 _hP591,9D, G4
_cTEXL
_2CC
999 _c186244
_d186244